000 00304nam a2200133 i 4500
001 bg
100 1 _aSZE, S. M.
245 0 _aPhysics of semiconductor devices /
_cS.M. Sze.
260 _aNew York,
_c1969.
040 _cBPK
041 _apol
942 _cKS
008 s pl f |000 0 pol
999 _c13785
_d13785
856 _uhttp://koha.tu.koszalin.pl/cgi-bin/koha/opac-detail.pl?biblionumber=13785
_yKatalog online BPK